The State of Pakistan's Economy. (Record no. 522842)
[ view plain ]
| 000 -LEADER | |
|---|---|
| fixed length control field | 00532 a2200157 4500 |
| 003 - CONTROL NUMBER IDENTIFIER | |
| control field | NUST |
| 005 - DATE AND TIME OF LATEST TRANSACTION | |
| control field | 20190124045712.0 |
| 038 ## - RECORD CONTENT LICENSOR | |
| Staff Name | Kayani |
| 082 ## - DEWEY DECIMAL CLASSIFICATION NUMBER | |
| Classification number | 332.1224'95491 |
| 100 ## - MAIN ENTRY--PERSONAL NAME | |
| Personal name | State Bank of Pakistan |
| 9 (RLIN) | 12304 |
| 245 ## - TITLE STATEMENT | |
| Title | The State of Pakistan's Economy. |
| Remainder of title | Second Quarterly Report for the year 2005-2006 of the Central Board of State Bank of Pakistan. |
| Statement of responsibility, etc. | State bank of Pakistan. |
| 260 ## - PUBLICATION, DISTRIBUTION, ETC. | |
| Place of publication, distribution, etc. | Pakistan |
| Name of publisher, distributor, etc. | State Bank of Pakistan |
| Date of publication, distribution, etc. | 2005-2006 |
| 300 ## - PHYSICAL DESCRIPTION | |
| Extent | 116p. |
| 500 ## - GENERAL NOTE | |
| General note | Paper cover |
| 942 ## - ADDED ENTRY ELEMENTS (KOHA) | |
| Institution code [OBSOLETE] | S3H |
| Koha item type | Book |
| Call number prefix | 332.1224'95491 SBP |
| Source of classification or shelving scheme | |
| Withdrawn status | Lost status | Source of classification or shelving scheme | Damaged status | Not for loan | Permanent Location | Current Location | Date acquired | Full call number | Barcode | Date last seen | Price effective from | Koha item type | Total Checkouts |
|---|---|---|---|---|---|---|---|---|---|---|---|---|---|
| Central Library (CL) | Central Library (CL) | 01/24/2019 | 330.9549105 SBP | S3H-R-66 | 01/24/2019 | 01/24/2019 | Reference | ||||||
| Central Library (CL) | Central Library (CL) | 03/15/2022 | 330.9549105 SBP | S3H-R-65 | 03/15/2022 | 03/15/2022 | Book | ||||||
| Central Library (CL) | Central Library (CL) | 03/15/2022 | 330.9549105 SBP | S3H-R-64 | 03/15/2022 | 03/15/2022 | Book | ||||||
| Central Library (CL) | Central Library (CL) | 03/15/2022 | 330.9549105 SBP | S3H-R-63 | 03/15/2022 | 03/15/2022 | Book | ||||||
| Central Library (CL) | Central Library (CL) | 03/15/2022 | 330.9549105 SBP | S3H-R-61 | 03/15/2022 | 03/15/2022 | Book | ||||||
| Central Library (CL) | Central Library (CL) | 03/16/2022 | 330.9549105 SBP | S3H-R-62 | 03/16/2022 | 03/16/2022 | Book |
